|
|
|
|
| LEADER |
00000nab a2200000 a 4500 |
| 001 |
vtls000738333 |
| 003 |
SK-MaSNL |
| 005 |
20260305032743.0 |
| 008 |
180206c2000 xo 0 slo |
| 015 |
|
|
|a SNBRB2000/11-27335
|
| 035 |
|
|
|a CLN000090199
|
| 040 |
|
|
|a SNKBUCL
|b slo
|c SNKBUCL
|e AACR2
|
| 041 |
0 |
|
|a slo
|
| 044 |
|
|
|a xo
|c SK
|
| 080 |
|
|
|a 061.25(437.6):655.1(437.6)
|2 UDC-MRF-SK2
|
| 080 |
|
|
|a 655.1(437.6)
|2 UDC-MRF-SK2
|
| 100 |
1 |
|
|a Malovec, Ján
|4 ain
|9 892211
|
| 245 |
1 |
0 |
|a Bielik: Je vecou Neografie, čo tlačí-
|c Ján Malovec, Miroslav Bielik
|
| 300 |
|
|
|b Fotogr.
|
| 610 |
2 |
7 |
|a Matica slovenská
|2 snkbucl
|9 14662
|
| 610 |
2 |
7 |
|a Neografia (Martin, Slovensko)
|2 snkbucl
|9 63143
|
| 651 |
|
7 |
|a Martin (Slovensko : okres)
|2 snkbucl
|9 73088
|
| 655 |
|
7 |
|a články z novín a časopisov
|2 snkbucl
|9 267496
|
| 700 |
1 |
|
|a Bielik, Miroslav,
|d 1949-2021
|4 aut
|4 uin
|9 13236
|
| 773 |
0 |
|
|x 1335-4698
|t Slovenská republika
|g Roč. 8, č. 258 (9.11.2000), s. 3
|
| 850 |
|
|
|a Slovenská národná knižnica v Martine
|
| 852 |
|
|
|a SNK
|b KIS3GCP
|
| 958 |
|
|
|a RBX
|
| 999 |
|
|
|c 3321467
|d 3323397
|